000 00792nam a22002777a 4500
001 BR9801855
003 BR-BrBNA
005 20230928095906.0
007 ta
008 230509b bl.||||| |||| 00| 0 por d
040 _aBR-BrBNA
_bpor
_cBiblioteca Nacional de Agricultura
041 _a(Por)
072 _aF01
_b0300
090 _ 0300 BR9801855
110 1 _aAssociacao Brasileira das Industrias de Oleos Vegetais, Sao Paulo, SP (Brasil)
_9201
245 1 _aO setor de oleos vegetais
260 3 _aSao Paulo, SP (Brasil):
_c1990.
300 _a15 p.
500 _a13 tables; 13 illus.
650 _aProducao Vegetal
650 _aPlanta Oleaginosa
650 _aDesenvolvimento Industrial
650 _aComercializacao
909 _a202309
_bLucia
_c55
_dLucia Elande
942 _cBK
999 _c59257
_d59257